Catálogo

MODERN CONTROL ENGINEERING (Registro nro. 48966)

Detalles MARC
000 -LEADER
fixed length control field 00838nam a2200181 a 4500
001 - CONTROL NUMBER
control field 48966
005 - DATE AND TIME OF LATEST TRANSACTION
control field 20180714033452.0
008 - FIXED-LENGTH DATA ELEMENTS--GENERAL INFORMATION
fixed length control field 140415d 000 0 eng d
020 ## - INTERNATIONAL STANDARD BOOK NUMBER
International Standard Book Number 0130609072
041 ## - LANGUAGE CODE
Language code of text/sound track or separate title eng
082 ## - DEWEY DECIMAL CLASSIFICATION NUMBER
Classification number 629.8
Item number OGA
100 1# - MAIN ENTRY--PERSONAL NAME
Personal name Ogata, Katsuhiko.
245 10 - TITLE STATEMENT
Title MODERN CONTROL ENGINEERING
250 ## - EDITION STATEMENT
Edition statement 4ed.
260 ## - PUBLICATION, DISTRIBUTION, ETC.
Place of publication, distribution, etc. [s.l.] :
Name of publisher, distributor, etc. PRENTICE-HALL, INC.,
Date of publication, distribution, etc. [s.f.]
300 ## - PHYSICAL DESCRIPTION
Extent 619
Dimensions 20.8 x 3.7 x 24.2
520 ## - SUMMARY, ETC.
Summary, etc. ESTE LIBRO PRESENA UN TRATAMIENTO COMPRENSIVO DE EL ANALISIS Y DISEÑO DE SISTEMAS DE CONTROL . ESTA ESCRITO EN UN NIVEL DE ESTUDIANTES INGENIEROS DE ULTIMO AÑO Y ESTE TEXTO FUE CREADO PARA USARSE EN EL PRIMER CURSO DE SISTEMAS DE CONTROL. EL PRE- REQUISITO ES UN CURSO INTRODUCTORIO SOBRE ESCUACIONES DIFERENCIALES, ANALISIS DE MATRIZ VECTOR, ANALISIS DE CIRCUITOS Y MECANICOS.
Existencias
Withdrawn status Lost status Source of classification or shelving scheme Damaged status Not for loan Collection code Home library Current library Shelving location Date acquired Source of acquisition Inventory number Total Checkouts Full call number Barcode Date last seen Date last checked out Price effective from Koha item type
    Dewey Decimal Classification     General Biblioteca Karol Wojtyla Biblioteca Karol Wojtyla Sala general 03/12/2013 Compra 151000000000000000012500 3 629.8 OGA 66694 04/05/2026 11/04/2026 03/12/2013 Libro
    Dewey Decimal Classification     General Biblioteca Karol Wojtyla Biblioteca Karol Wojtyla Sala general 03/12/2013 Compra 151000000000000000012501 1 629.8 OGA 73298 13/05/2026 04/05/2026 03/12/2013 Libro